LEADER 01668nam a2200325 u 4500 001 000000043520 003 CaOOAMICUS 005 20070226114440.0 008 990407s1947 fr u000 u fre u 035 $a10819126 040 $aPUL(R)$bita 100 1 $aGurvitch, Georges,$d1894-1965.$0(OLS)http://pul/name/14563 245 13$aLa sociologie au XX siècle ... /$cpublié sous la direction de Georges Gurvitch ... ; en collaboration avec Wilbert E. Moore .. 260 $aParis :$bPresses Universitaires de France,$c1947. 300 $a2 v. ;$c23 cm 490 1 $aBibliothèque de philosophie contemporaine.$aPsychologie et sociologie 500 $aContiene indici. 504 $aBibliografia in nota. 505 0 $av.1: Les grands problèmes de la sociologie. -- v.2: Les études sociologiques dans les différents pays. 650 4$aSociologia$xTeorie$ySec. XX.$0(OLS)http://pul/subject/19138 700 1 $aMoore, Wilbert E.$0(OLS)http://pul/name/31834 830 0$aBibliothèque de philosophie contemporaine.$pPsychologie et sociologie.$0(OLS)http://pul/title/58685 850 $aPUL 852 $aPUL$W1$xDP1 Cons. Gen., Altre Classi 1$y22$m43 A 6-7$j58653$nBK-PRI$b $qStampati$B58653$CPULBib$Z2$F58653 $H $81 852 $aPUL$W1$xDP1 Cons. Gen., Altre Classi 1$y22$m43 A 6-7$j58653$nBK-PRI$b $qStampati$B58654$CPULBib$Z2$F58654 $H $81 941 1 $a8 961 $aINV: 40080-81 961 $aINV: 40080-81 996 $6245$aLa sociologie au XX siècle ...$9(OLS)http://pul/title/58684 996 $6260$aParis :$bPresses Universitaires de France$9(OLS)http://pul/publisher/47940 LEADER 01273nam a2200277 a 4500 001 000000124554 003 CaOOAMICUS 005 20110304145427.0 008 110304s2010 it u000 u ita r 040 $aPUL$bita 082 04$a103 245 00$aI have a dream :$bMartin Luther King, John F. Kennedy, Yitzhak Rabin, Yassir Arafat e altri grandi uomini del Novecento /$cprefazione di Franco Cordelli. 260 $aMilano :$bR.C.S. Libri,$c©2010. 300 $a180 p. ;$c19 cm 490 1 $aClassici del pensiero libero ;$v15 500 $aEd. speciale per Corriere della Sera. 650 4$aLiberalismo.$0(OLS)http://pul/subject/3409 700 1 $aCordelli, Franco.$0(OLS)http://pul/name/78682 830 0$aClassici del pensiero libero ;$v15.$0(OLS)http://pul/title/155982 850 $aPUL 852 $aPUL$W1$xDP2 Filosofia 3$y112$m103 COLL 6.15$j143435$qDDC 21$B142466$CPULBib$Z2$F142466 $H115712 $82 941 1 $a9 996 $6082$a103$9(OLS)http://pul/classification/621 996 $6245$aI have a dream :$bMartin Luther King, John F. Kennedy, Yitzhak Rabin, Yassir Arafat e altri grandi uomini del Novecento$9(OLS)http://pul/title/157011 996 $6260$aMilano :$bR.C.S. Libri$9(OLS)http://pul/publisher/74600